00813cam a22002413a 450000100060000000300060000600500170001200800410002904000150007004200070008505000070009210000460009924501120014526000290025750600300028651600200031665300220033665300500035865300410040865300510044983000290050085600420052917546PGUSA20140828083356.0060118s2006||||xxu|||||s|||||000 1 eng d aPGUSAbeng adc 4aPZ1 aHenty, G. A.q(George Alfred),d1832-190214aThe Lion of Saint Mark :bA Story of Venice in the Fourteenth Centuryh[electronic resource] /cG. A. Henty bProject Gutenberg,c2006 aPublic domain in the USA. aElectronic text aAdventure stories aVenice (Italy) -- History -- Juvenile fiction aFathers and sons -- Juvenile fiction aBritish -- Italy -- Venice -- Juvenile fiction 0aProject Gutenbergv1754640uhttp://www.gutenberg.org/ebooks/17546